Ocena i propozycje doskonalenia działań w zakresie bezpieczeństwa i higieny pracy w wybranym przedsiębiorstwie spożywczym

Hodnotenie súčasných aktivít v oblasti bezpečnosti a ochrany zdravia pri práci v potravinárskom podniku v provincii Wielkopolska. Povinnosti zamestnávateľa a zamestnancov, usmernenia na zlepšovanie v súvislosti s implementáciou systému riadenia podľa normy PN-N-18001 a integráciou s normou ISO 22000...

Celý popis

Uložené v:
Podrobná bibliografia
Hlavný autor: Jarossová, Malgorzata Agnieszka, 1978-
Médium: Kapitola
Jazyk:Polish
Predmet:
Tagy: Pridať tag
Žiadne tagy, Buďte prvý, kto otaguje tento záznam!

MARC

LEADER 00000naa$a2200000$$$4500
001 0246214
005 20240502083657.1
041 0 |a pol 
044 |a PL 
245 1 0 |a Ocena i propozycje doskonalenia działań w zakresie bezpieczeństwa i higieny pracy w wybranym przedsiębiorstwie spożywczym  |c Malgorzata A. Jarossová 
520 |a Hodnotenie súčasných aktivít v oblasti bezpečnosti a ochrany zdravia pri práci v potravinárskom podniku v provincii Wielkopolska. Povinnosti zamestnávateľa a zamestnancov, usmernenia na zlepšovanie v súvislosti s implementáciou systému riadenia podľa normy PN-N-18001 a integráciou s normou ISO 22000. 
610 2 0 |a bezpečnosť potravinová 
610 2 0 |a bezpečnosť práce 
610 2 0 |a ochrana zdravia 
610 2 0 |a potravinárstvo 
610 2 0 |a podnik 
610 2 0 |a Poľsko 
610 2 0 |a systémy riadenia 
610 2 0 |a normy 
610 2 0 |a normy ISO 
100 1 |a Jarossová, Malgorzata Agnieszka, 1978-